The solar system (Record no. 1810)

MARC details
000 -LEADER
fixed length control field 00841nam a22002177a 4500
005 - DATE AND TIME OF LATEST TRANSACTION
control field 20231003102643.0
020 ## - INTERNATIONAL STANDARD BOOK NUMBER
International Standard Book Number 9781409514244
040 ## - CATALOGING SOURCE
Original cataloging agency FISKH
Language of cataloging eng
Transcribing agency FISKH
Modifying agency FISKH
082 ## - DEWEY DECIMAL CLASSIFICATION NUMBER
Classification number 523.2
100 ## - MAIN ENTRY--PERSONAL NAME
Personal name Bone, Emily
245 ## - TITLE STATEMENT
Title The solar system
Statement of responsibility, etc. Emily Bone Designed by Helen Edmonds and Will Dawes Illustrated by Terry Pastor and Tim Haggerty Solar System consultant: Stuart Atkinson Readng consultant: Alison Kelly, Principal Lecturer at Roehampton University
260 ## - PUBLICATION, DISTRIBUTION, ETC.
Place of publication, distribution, etc. London :
Name of publisher, distributor, etc. Usborne,
Date of publication, distribution, etc. 2010
300 ## - PHYSICAL DESCRIPTION
Extent 32 pages :
Other physical details color illustrations ;
Dimensions 22 cm
490 ## - SERIES STATEMENT
Series statement Usborne Beginners
505 ## - FORMATTED CONTENTS NOTE
Formatted contents note K
520 ## - SUMMARY, ETC.
Summary, etc. A simple introduction to the solar system that provides information about the sun, planets, and space exploration.
521 ## - TARGET AUDIENCE NOTE
Target audience note 580 <br/>
Source Lexile<br/>
521 ## - TARGET AUDIENCE NOTE
Target audience note K <br/>
Source Raz-Plus
942 ## - ADDED ENTRY ELEMENTS (KOHA)
Source of classification or shelving scheme Dewey Decimal Classification
Koha item type Books
Suppress in OPAC No
999 ## -
-- 1810
-- 1810
Holdings
Withdrawn status Lost status Source of classification or shelving scheme Damaged status Not for loan Collection Home library Current library Shelving location Date acquired Total Checkouts Full call number Barcode Date last seen Date last checked out Price effective from Koha item type
    Dewey Decimal Classification     Non-Fiction Footprints International School Library Network Toul Kork Campus Footprints International School Library Network Toul Kork Campus TK Primary Library Room(4th Floor), Bookcase 3&4, Shelves 17-32, Yellow Books 10/03/2023 1 BON 523.2 FISBK073122 12/03/2024 08/23/2024 10/03/2023 Books